Histoire des pays nordiques : XIXe-XXIe siècle (notice n° 2198548)

détails MARC
000 -LEADER
fixed length control field 01495cam a2200145 4500500
005 - DATE AND TIME OF LATEST TRANSACTION
control field 20260405085549.0
041 ## - LANGUAGE CODE
Language code of text/sound track or separate title fre
042 ## - AUTHENTICATION CODE
Authentication code dc
100 10 - MAIN ENTRY--PERSONAL NAME
Personal name Carrez, Maurice
Relator term author
245 00 - TITLE STATEMENT
Title Histoire des pays nordiques : XIXe-XXIe siècle
260 ## - PUBLICATION, DISTRIBUTION, ETC.
Name of publisher, distributor, etc. Armand Colin,<br/>
Date of publication, distribution, etc. 2023.<br/>
520 ## - SUMMARY, ETC.
Summary, etc. Ce manuel propose un panorama inédit sur l’histoire d’histoire des pays scandinaves (Suède, Danemark, Norvège, Islande) et de la Finlande. Espace géographique complexe, au cœur des bouleversements de l’histoire européenne contemporaine, il est abordé sous les aspects économique, social, politique, diplomatique et culturel selon un plan chronologico-thématique destiné à en faciliter la lecture et l’utilisation. Proposant une vision globale des pays nordiques du début du XIXe siècle jusqu’à nos jours, cet ouvrage décrit les particularismes de nations qui ont affirmé au fil du temps une identité propre, ancrée dans la modernité, et ont été jusqu’à représenter un « modèle » politique et sociétal au sein de l’espace européen. Mais ce modèle a été ébranlé en 2008 par une grave crise financière et politique, qui a vu la montée des rivalités industrielles entre les pays nordiques et un repli identitaire, et, depuis quelques années, une forte droitisation de la vie politique.
700 10 - ADDED ENTRY--PERSONAL NAME
Personal name Olivier, Jean-Marc
Relator term author
856 41 - ELECTRONIC LOCATION AND ACCESS
Uniform Resource Identifier <a href="https://shs.cairn.info/histoire-des-pays-nordiques--9782200634278?lang=fr&redirect-ssocas=7080">https://shs.cairn.info/histoire-des-pays-nordiques--9782200634278?lang=fr&redirect-ssocas=7080</a>

Pas d'exemplaire disponible.

PLUDOC

PLUDOC est la plateforme unique et centralisée de gestion des bibliothèques physiques et numériques de Guinée administré par le CEDUST. Elle est la plus grande base de données de ressources documentaires pour les Étudiants, Enseignants chercheurs et Chercheurs de Guinée.

Adresse

627 919 101/664 919 101

25 boulevard du commerce
Kaloum, Conakry, Guinée

Réseaux sociaux

Powered by Netsen Group @ 2025